书目信息 |
| 题名: |
丛书集成初编
|
|
| 作者: | 陈士元 著 | |
| 分册: | 0492 论语类考二 | |
| 出版信息: | 北京 中华书局 1985 |
|
| 页数: | 一册 | |
| 开本: | 20cm | |
| 丛书名: | ||
| 单 册: | ||
| 中图分类: | Z12 | |
| 科图分类: | ||
| 主题词: | 丛书--中国 | |
| 电子资源: | ||
| ISBN: | ||
| 000 | 00612nam0 2200217 450 | |
| 001 | 2458387385 | |
| 005 | 20240927161441.91 | |
| 010 | @dCNY10000.00(套价) | |
| 100 | @a20060802d1985 km y0chiy0120 ea | |
| 101 | 0 | @achi |
| 102 | @aCN@b110000 | |
| 200 | 1 | @a丛书集成初编@Acong shu ji cheng chu bian@i论语类考二@h0492@f陈士元著@FChen Shi Yuan Zhu |
| 205 | @a新一版 | |
| 210 | @a北京@c中华书局@d1985 | |
| 215 | @a一册@d20cm | |
| 517 | 1 | @a论语类考二@ALun Yu Lei Kao Er |
| 606 | 0 | @a丛书@x中国 |
| 690 | @aZ12@v4 | |
| 701 | 0 | @a陈士元@AChen Shi Yuan@4著 |
| 801 | 0 | @aCN@bPFT@c20060812 |
| 905 | @a10447@dZ12@e53:0492 | |
| 丛书集成初编.论语类考二.0492/陈士元著.-新一版.-北京:中华书局,1985 |
| 一册;20cm |
| ISBN :CNY10000.00(套价) |
| ● |
| 相关链接 |
|
|
|
|
正题名:丛书集成初编
索取号:Z12/53:0492
 
预约/预借
| 序号 | 登录号 | 条形码 | 馆藏地/架位号 | 状态 | 备注 |
| 1 | 1424016 | 214240169 | 密集书库/ [索取号:Z12/53:0492] | 在馆 |